V G Fraulo & Co Ltd v Papa (Record no. 45230)
[ view plain ]
| 000 -LEADER | |
|---|---|
| fixed length control field | 01593cab a2200229 4500 |
| 001 - CONTROL NUMBER | |
| control field | ABS49523 |
| 008 - FIXED-LENGTH DATA ELEMENTS--GENERAL INFORMATION | |
| fixed length control field | 090401t1993 xxu||||| |||| 00| 0 eng d |
| 035 ## - SYSTEM CONTROL NUMBER | |
| System control number | (Sirsi) u71691 |
| 041 ## - LANGUAGE CODE | |
| Language code of text/sound track or separate title | eng |
| 245 ## - TITLE STATEMENT | |
| Title | V G Fraulo & Co Ltd v Papa |
| 260 ## - PUBLICATION, DISTRIBUTION, ETC. | |
| Date of publication, distribution, etc. | 1993 |
| 350 ## - PRICE (NR) (BK AM CF MU VM SE) [OBSOLETE] | |
| Price | 0 |
| 490 ## - SERIES STATEMENT | |
| Series statement | Estates Gazette |
| Volume/sequential designation | (1993) 39 EG 129-132(4) |
| 520 ## - SUMMARY, ETC. | |
| Summary, etc. | CA 8 March 1993. The plaintiff, F, was the owner of a building and entered into a reciprocal housing agreement with the local authority by which they agreed to rehouse the basement-flat tenant and F agreed, that on completion of specified works, the council could nominate a new tenant for the flat on a protected tenancy. The defendant, P, was nominated. In March 1986, without F`s authority, F`s surveyor gave P the key to the flat knowing that she would move in and commence occupation. F`s solicitors sent two letters to P one an open letter, stating that occupation was unlawful and requiring possession and one marked `without prejudice` offering a shorthold tenancy upon which grant could be back dated. P agreed to this in a telephone conversation however she did not sign any agreement nor pay any rent. In the possession hearing it was held that the telephone conversation and without prejudice letter were admissable and dismissed F`s claim. F appealed and this was allowed on the ground |
| 650 ## - SUBJECT ADDED ENTRY--TOPICAL TERM | |
| Topical term or geographic name entry element | PROTECTED TENANCY |
| 650 ## - SUBJECT ADDED ENTRY--TOPICAL TERM | |
| Topical term or geographic name entry element | RECIPROCAL HOUSING AGREEMENT |
| 650 ## - SUBJECT ADDED ENTRY--TOPICAL TERM | |
| Topical term or geographic name entry element | SHORTHOLD TENANCY |
| 650 ## - SUBJECT ADDED ENTRY--TOPICAL TERM | |
| Topical term or geographic name entry element | WITHOUT PREJUDICE |
| 690 ## - LOCAL SUBJECT ADDED ENTRY--TOPICAL TERM (OCLC, RLIN) | |
| Topical term or geographic name as entry element | LANDLORD AND TENANT-CASE LAW-RESIDENTIAL TENANCIES |
| 942 ## - ADDED ENTRY ELEMENTS (KOHA) | |
| Suppress in OPAC | 0 |
| 948 ## - LOCAL PROCESSING INFORMATION (OCLC); SERIES PART DESIGNATOR (RLIN) | |
| c (OCLC) | 04/03/1997 |
| Withdrawn status | Lost status | Source of classification or shelving scheme | Damaged status | Not for loan | Home library | Current library | Shelving location | Date acquired | Total Checkouts | Full call number | Barcode | Date last seen | Copy number | Price effective from | Koha item type |
|---|---|---|---|---|---|---|---|---|---|---|---|---|---|---|---|
| Dewey Decimal Classification | London | London | Journal article | 14/09/1999 | ABS49523 | 71691-1001 | 06/08/2019 | 1 | 06/08/2019 | Law report |